Women empowerment :- (Record no. 17596)

MARC details
000 -LEADER
fixed length control field 00753nam a22002177a 4500
005 - DATE AND TIME OF LATEST TRANSACTION
control field 20081020163730.0
008 - FIXED-LENGTH DATA ELEMENTS--GENERAL INFORMATION
fixed length control field 081020t xxu||||| |||| 00| 0 eng d
010 ## - LIBRARY OF CONGRESS CONTROL NUMBER
LC control number ENG-84257
020 ## - INTERNATIONAL STANDARD BOOK NUMBER
International Standard Book Number 8172733453
020 ## - INTERNATIONAL STANDARD BOOK NUMBER
Terms of availability 450.00 (hb)
035 ## - SYSTEM CONTROL NUMBER
System control number EN-67790
082 ## - DEWEY DECIMAL CLASSIFICATION NUMBER
Classification number 305.4
100 ## - MAIN ENTRY--PERSONAL NAME
Personal name Sonmi, Jasprit Kaur
245 ## - TITLE STATEMENT
Title Women empowerment :-
Remainder of title exploring the facts /
Statement of responsibility, etc by Jasprit Kaur Soni
260 ## - PUBLICATION, DISTRIBUTION, ETC. (IMPRINT)
Place of publication, distribution, etc Delhi
Name of publisher, distributor, etc Authorspress
260 ## - PUBLICATION, DISTRIBUTION, ETC. (IMPRINT)
Date of publication, distribution, etc 2006
300 ## - PHYSICAL DESCRIPTION
Extent viii,195p
Dimensions 22cm
500 ## - GENERAL NOTE
General note Includes bibliographical references and index
942 ## - ADDED ENTRY ELEMENTS (KOHA)
Source of classification or shelving scheme Dewey Decimal Classification
Koha item type English Books
Classification part 305.4
Call number suffix SON
Holdings
Withdrawn status Lost status Source of classification or shelving scheme Damaged status Not for loan Collection code Home library Current library Date acquired Cost, normal purchase price Total Checkouts Full call number Barcode Date last seen Copy number Cost, replacement price Price effective from Koha item type
    Dewey Decimal Classification   Not For Loan Non-fiction D.B.Act.Division D.B.Act.Division 28/02/2007 450.00   305.4 SON EN-67790 04/11/2008 1 450.00 04/11/2008 English Books

© Delhi Public Library
Hit Counter
free hit counter